000 00359nam a2200133Ia 4500
008 220216s9999 xx 000 0 und d
100 _aVyas M N
245 0 _aNitrile rubber: Acrylonitrile butadiene rubber, compounding and processing
260 _bRubber India
_c1994
300 _a59-61
650 _aCompounding
650 _aNitrile rubber
942 _cJS
999 _c63953
_d63953